Statistics for P-vel kezdődő országok

Click here to take the quiz!

General Stats

  • This quiz has been taken 16 times
  • The average score is 4 of 7

Answer Stats

Ország% Correct
Peru
89%
Pakisztán
78%
Portugália
78%
Panama
67%
Pápua Új-Guinea
56%
Palau
44%
Paraguay
33%

Score Distribution

Percentile by Number Answered

Percent of People with Each Score

Your Score History

You have not taken this quiz